000 00556nam a2200193Ia 4500
003 LDD
008 181029s9999 xx 000 0 und d
020 _a9781902538419
_cP 14.99
040 _cLDD
100 _aBusselle, Michael
245 0 _aBetter digital photography guide to
_blandscapes seas and skies
_cMichael Busselle
260 _aLondon
_bArgentum
_c2006
300 _a128p.
365 _bP 14.99
901 _a7330
_b09-08-2011
902 _a935
_b10-02-2012
_cF
_dBBS
_eFTF
903 _aDiscount-30
_bReqst by : Sunil Kumar
942 _2ddc
_cBK
999 _c102444
_d102444